000 00958nam a2200253 a 4500
001 000027195
003 DO-SdBNP
005 20250113131851.0
008 091209s1978 dr 001 0 spa d
040 _aDO-SdBNP
_bspa
_cBNPHU
049 _aBNPD
082 _a343.04
_bR426l, 1978
110 1 _aRepública Domicana.
_bSecretaría de Estado de Finanzas
_bInstituto de Capacitación Tributaria
_954254
245 1 0 _aLegislación económico tributaria :
_baño 1978.
260 _aSanto Domingo :
_bInstituto de Capacitación Tributaria,
_c[1978].
300 _a336 p. ;
_c28 cm.
650 4 _aDerecho fiscal
_zRepública Dominicana
_98288
650 0 _aProcedimiento tributario
_98289
650 4 _aImpuestos
_xAdministración
_zRepública Dominicana
_98290
650 4 _aDerecho administrativo
_zRepública Dominicana
_91203
710 2 _aOrganización de los Estados Americanos
_917918
910 _aValidado. Control de calidad EMS
942 _2ddc
_cLBS1
999 _c26687
_d26687